Commandant de Balincourt (Record no. 143153)

MARC details
000 -LEADER
campo de control de longitud fija 00725nam a2200193 4500
001 - NÚMERO DE CONTROL
campo de control 143153
003 - IDENTIFICADOR DE NÚMERO DE CONTROL
campo de control ES-MaACL
005 - FECHA Y HORA DE LA ÚLTIMA TRANSACCIÓN
campo de control 20230906200734.0
007 - CAMPO FIJO DE DESCRIPCIÓN FÍSICA--INFORMACIÓN GENERAL
campo de control de longitud fija t|
008 - DATOS DE LONGITUD FIJA--INFORMACIÓN GENERAL
campo de control de longitud fija 070214s1910 fr r ||||1| fre d
100 1# - ENTRADA PRINCIPAL--NOMBRE DE PERSONA
Nombre de persona Semenov, Vladimir Ivanovitch.
9 (RLIN) 105379
245 10 - MENCIÓN DEL TÍTULO
Título Commandant de Balincourt
Resto del título : ; Après Tsoushima ; Le prix du sang ; Carnet de notes du capitaine de frégate Séménoff. /
Mención de responsabilidad, etc. Vladimir Ivanovitch Semenov ; Traduction revue des articles publiés par Séménoff.
260 ## - PUBLICACIÓN, DISTRIBUCIÓN, ETC.
Lugar de publicación, distribución, etc. Paris :
Nombre del editor, distribuidor, etc. A. Challamel,
Fecha de publicación, distribución, etc. 1910.
300 ## - DESCRIPCIÓN FÍSICA
Extensión 308 p. ;
Dimensiones 19 cm.
740 0# - ENTRADA AGREGADA--TÍTULO RELACIONADO/ANALÍTICO NO CONTROLADO
Título relacionado o analítico no controlado Après Tsoushima.
740 0# - ENTRADA AGREGADA--TÍTULO RELACIONADO/ANALÍTICO NO CONTROLADO
Título relacionado o analítico no controlado Le prix du sang.
740 0# - ENTRADA AGREGADA--TÍTULO RELACIONADO/ANALÍTICO NO CONTROLADO
Título relacionado o analítico no controlado Carnet de notes du capitaine de frégate Séménoff.
852 ## - LOCALIZACIÓN
Ubicación ES-MaACL
Número de control de estantería G-9829
Holdings
Estatus retirado Estado de pérdida Estado de daño No para préstamo Biblioteca de origen Biblioteca actual Ubicación en estantería Fecha de adquisición Fuente de adquisición Total de préstamos Signatura topográfica completa Código de barras Visto por última vez Precio de reemplazo Tipo de ítem Koha
        Biblioteca del Ateneo de Madrid Biblioteca del Ateneo de Madrid Sala Pecera Planta 3 17/01/2008     G-9829 1148941 23/02/2023 23/02/2023 Libro impreso